| Tag |
First Indicator |
Second Indicator |
Subfields |
| LEADER |
00000cam a2200000Ia 4500 |
| 001 |
in00003280997 |
| 005 |
20151205114857.0 |
| 008 |
840727s1889 enk 000 0 eng d |
| 019 |
|
|
|a 7754989
|a 219714194
|
| 035 |
|
|
|a (OCoLC)ocm10992466
|
| 035 |
|
|
|a (OCoLC)10992466
|z (OCoLC)7754989
|z (OCoLC)219714194
|
| 040 |
|
|
|a BUF
|b eng
|c BUF
|d OCL
|d PLF
|d GZM
|d COO
|d OCLCG
|d AU@
|d KRTAS
|d DEBBG
|d OCLCQ
|d TXA
|d UtOrBLW
|
| 049 |
|
|
|a TXAM
|
| 050 |
|
4 |
|a PN511
|b .L3 1889
|
| 082 |
0 |
4 |
|a 809
|
| 084 |
|
|
|a HG 510
|2 rvk
|
| 100 |
1 |
|
|a Lang, Andrew,
|d 1844-1912.
|
| 245 |
1 |
0 |
|a Letters on literature /
|c by Andrew Lang.
|
| 264 |
|
1 |
|a London :
|b Longmans, Green,
|c 1889.
|
| 300 |
|
|
|a 2 unnumbered pages, x, 200 pages ;
|c 19 cm.
|
| 336 |
|
|
|a text
|b txt
|2 rdacontent
|
| 337 |
|
|
|a unmediated
|b n
|2 rdamedia
|
| 338 |
|
|
|a volume
|b nc
|2 rdacarrier
|
| 500 |
|
|
|a Bound in deep blue buckram over boards; stamped in gold on cover and spine; black endpapers.
|
| 505 |
0 |
|
|a Introductory: Of modern English poetry. II. Of modern English poetry.--Fielding.--Longfellow.--A friend of Keats.--On Virgil.--Aucassin and Nicolette.--Plotinus (200-262 A.D.)--Lucretius.--To a young American book-hunter.--Rochefoucauld.--Of vers de société.--On vers de société.--Richardson.--Gérard de Nerval.--On books about red men.--Appendix.
|
| 500 |
|
|
|a The Cushing Library/Lit./Haggard copy contains a transcription by W. Irving Way of a dedication letter to "Mr. Way" from the author, an A.L.s. to "W" from the author tipped in on the front endpapers, and an A.L.s. pasted in on the back endpapers from William Hayes Ward (editor of the Independent) confirming that Lang's 'Letters on Literature' were previously published in the Independent.
|
| 500 |
|
|
|a The Cushing Library/Lit./Haggard copy contains an annotation by "WIW" saying a facsimile of a ring mentioned on page 200 was given to [Way] by Lang.
|
| 650 |
|
0 |
|a Literature
|x History and criticism.
|
| 700 |
1 |
|
|a Way, W. Irving
|q (Washington Irving),
|d 1853-1931.
|
| 700 |
1 |
|
|a Ward, William Hayes,
|d 1835-1916.
|
| 776 |
0 |
8 |
|i Online version:
|a Lang, Andrew, 1844-1912.
|t Letters on literature.
|d London : Longmans, Green, 1889
|w (OCoLC)656614469
|
| 938 |
|
|
|a Kirtas Technologies, Inc.
|b KRTS
|n 272786
|
| 948 |
|
|
|a cataloged
|b h
|c 2013/6/17
|d c
|e lschille
|f 10:22:46 am
|
| 994 |
|
|
|a C0
|b TXA
|
| 999 |
|
|
|a MARS
|
| 999 |
f |
f |
|s 7c3f9e58-3dd9-3317-a095-c58f339e6ba1
|i ba6b53db-80ba-342e-a9b9-983d85c7eb37
|t 0
|
| 952 |
f |
f |
|p noncirc
|a Texas A&M University
|b College Station
|c Cushing Memorial Library & Archives
|d Cushing: Literature/Haggard (Does not check out)
|t 0
|e PN511 .L3 1889
|h Library of Congress classification
|i unmediated -- volume
|
| 998 |
f |
f |
|a PN511 .L3 1889
|t 0
|l Cushing: Literature/Haggard (Does not check out)
|